| 000 | 00698cab a2200217 4500 | ||
|---|---|---|---|
| 001 | ABS54958 | ||
| 008 | 090401t1996 xxu||||| |||| 00| 0 eng d | ||
| 035 | _a(Sirsi) u13362 | ||
| 041 | _aeng | ||
| 100 | _aTarry, S. | ||
| 245 | _aRight choice, wrong move | ||
| 260 | _c1996 | ||
| 350 | _a0 | ||
| 490 |
_aSurveyor _v183(5383) 11 April 1996, 16-17(2) |
||
| 520 | _aConsiders means of evaluating Advanced Transport Telematics (ATT) systems to ensure they achieve their purpose of managing traffic and congestion effectively. | ||
| 650 | _aADVANCED TRANSPORT TELEMATICS | ||
| 650 | _aTRAFFIC MANAGEMENT | ||
| 690 | _aHIGHWAYS RIGHTS OF WAY AND EASEMENTS | ||
| 942 | _n0 | ||
| 948 | _c04/03/1997 | ||
| 999 |
_c8615 _d8615 |
||